[Event "7th Holuj Radzikowska 2017"]
[Site "Wroclaw"]
[Date "2017.12.06"]
[Round "9"]
[White "Majdan, Joanna"]
[Black "Javakhishvili, Lela"]
[Result "1-0"]
[WhiteElo "2349"]
[BlackElo "2438"]
[Annotator "TA"]
[PlyCount "67"]
[EventDate "2017.??.??"]
[EventType "swiss"]
[EventCountry "POL"]
[SourceTitle "playchess.com"]
[Source "ChessBase"]
[SourceQuality "1"]

{[%evp 11,67,23,35,13,13,13,21,9,61,70,55,57,67,59,59,64,49,38,64,64,118,118,116,103,175,184,167,157,166,166,154,158,165,151,175,156,175,140,373,206,281,234,300,264,315,295,322,319,394,381,556,524,29990,29991,29990,29991,29996,29984]} 1. e4 g6 2. d4 Bg7 3. Nc3 d6 4. Be3 a6 5. a4 Nf6 6. h3 Nc6 {LiveBook: 18 Games. B06: Modern Defence} (6... O-O 7. g4 e5 8. d5 c6 9. Nge2 cxd5 10. exd5 Bxg4 11. hxg4 Nxg4 12. Qd2 Nd7 13. Ne4 f5 14. Bg5 {1-0 (61) Naiditsch,A (2706)-Carlsen,M (2865) Baden-Baden 2015}) 7. d5 Nb4 $146 ({Predecessor:} 7... Ne5 8. f4 Ned7 9. Nf3 O-O 10. Bc4 c6 11. dxc6 {½-½ (11) Vajda,L (2545)-Sulava,N (2537) Basel 2007}) 8. a5 O-O {The position is equal.} 9. Nb1 Nfxd5 (9... Re8 $11) 10. exd5 $14 Bf5 11. Bd3 $1 {[%cal Rd3f5]} Bxd3 $1 (11... Nxd5 $6 12. Bxf5 Nxe3 13. fxe3 $16) 12. cxd3 {And now Qb3 would win.} Bxb2 13. Ra4 Nxd5 14. Qb3 Nxe3 15. Qxb2 Qd7 ({Avoid the trap} 15... Nxg2+ $2 16. Kf1 $18) (15... Nd5 $14) 16. Nc3 $16 Nf5 ({Not} 16... Nxg2+ $2 17. Kf1 $18) 17. Nf3 d5 {[#]} (17... b5 $16 {was necessary.} 18. axb6 cxb6) 18. Rb4 $1 $18 ({Wrong is} 18. Qxb7 $2 Rfb8 $19) 18... Qe6+ 19. Ne2 Nd6 20. O-O c6 21. Nf4 {[%cal Be2f4,Bf4d3,Bd3c5,Bc5d7][%mdl 32]} Qf5 22. Re1 Rfe8 23. Ne5 Qf6 24. Qc1 $40 {[%mdl 128] Black is in trouble.} Nb5 $2 {[#]} (24... e6 $16 25. d4 Qg7) 25. d4 (25. Nh5 $142 $1 {[%mdl 512]} Qh8 (25... gxh5 26. Rf4) 26. Rg4) 25... Qd6 26. Nfd3 Qc7 27. Ra4 Rad8 28. Qh6 Nd6 29. Nc5 Qc8 30. g4 {Nf3 is the strong threat.} Rf8 (30... e6 $142 31. Rb4 Re7) 31. Nf3 {Ng5 would kill now.} Ne8 32. Ng5 {[%csl Gg5][%cal Rh6h7] White mates.} Nf6 33. Rxe7 Rde8 34. Nd7 {Precision: White = 68%, Black = 39%.} 1-0